<?xml version="1.0" encoding="UTF-8"?>
<collection xmlns="http://www.loc.gov/MARC21/slim">
 <record>
  <leader>10744cam a2201837   4500</leader>
  <controlfield tag="001">886508657</controlfield>
  <controlfield tag="003">DE-627</controlfield>
  <controlfield tag="005">20241028182625.0</controlfield>
  <controlfield tag="007">tu</controlfield>
  <controlfield tag="008">170510s2017    gw |||||      00| ||ger c</controlfield>
  <datafield tag="015" ind1=" " ind2=" ">
   <subfield code="a">17,N19</subfield>
   <subfield code="2">dnb</subfield>
  </datafield>
  <datafield tag="016" ind1="7" ind2=" ">
   <subfield code="a">1131270266</subfield>
   <subfield code="2">DE-101</subfield>
  </datafield>
  <datafield tag="020" ind1=" " ind2=" ">
   <subfield code="a">9783837640618</subfield>
   <subfield code="c">Broschur : circa EUR 34.99 (DE), circa EUR 36.00 (AT), circa CHF 42.70 (freier Preis)</subfield>
   <subfield code="9">978-3-8376-4061-8</subfield>
  </datafield>
  <datafield tag="024" ind1="3" ind2=" ">
   <subfield code="a">9783837640618</subfield>
  </datafield>
  <datafield tag="035" ind1=" " ind2=" ">
   <subfield code="a">(DE-627)886508657</subfield>
  </datafield>
  <datafield tag="035" ind1=" " ind2=" ">
   <subfield code="a">(DE-576)490008216</subfield>
  </datafield>
  <datafield tag="035" ind1=" " ind2=" ">
   <subfield code="a">(DE-599)DNB1131270266</subfield>
  </datafield>
  <datafield tag="035" ind1=" " ind2=" ">
   <subfield code="a">(OCoLC)1008552841</subfield>
  </datafield>
  <datafield tag="035" ind1=" " ind2=" ">
   <subfield code="a">(OCoLC)1008552841</subfield>
  </datafield>
  <datafield tag="040" ind1=" " ind2=" ">
   <subfield code="a">DE-627</subfield>
   <subfield code="b">ger</subfield>
   <subfield code="c">DE-627</subfield>
   <subfield code="e">rda</subfield>
  </datafield>
  <datafield tag="041" ind1=" " ind2=" ">
   <subfield code="a">ger</subfield>
   <subfield code="a">eng</subfield>
  </datafield>
  <datafield tag="044" ind1=" " ind2=" ">
   <subfield code="c">XA-DE-NW</subfield>
  </datafield>
  <datafield tag="072" ind1=" " ind2="7">
   <subfield code="a">HIS037000</subfield>
   <subfield code="2">bisacsh</subfield>
  </datafield>
  <datafield tag="072" ind1=" " ind2="7">
   <subfield code="a">ART015000</subfield>
   <subfield code="2">bisacsh</subfield>
  </datafield>
  <datafield tag="072" ind1=" " ind2="7">
   <subfield code="a">Weltgeschichte</subfield>
   <subfield code="2">bicssc</subfield>
  </datafield>
  <datafield tag="072" ind1=" " ind2="7">
   <subfield code="a">AC;HB</subfield>
   <subfield code="2">bicssc</subfield>
  </datafield>
  <datafield tag="072" ind1=" " ind2="7">
   <subfield code="a">ART</subfield>
   <subfield code="2">bisacsh</subfield>
  </datafield>
  <datafield tag="072" ind1=" " ind2="7">
   <subfield code="a">9582</subfield>
   <subfield code="2">wsb</subfield>
  </datafield>
  <datafield tag="072" ind1=" " ind2="7">
   <subfield code="a">AC</subfield>
   <subfield code="2">bicssc</subfield>
  </datafield>
  <datafield tag="072" ind1=" " ind2="7">
   <subfield code="a">HBG</subfield>
   <subfield code="2">bicssc</subfield>
  </datafield>
  <datafield tag="082" ind1="0" ind2=" ">
   <subfield code="a">701.18</subfield>
   <subfield code="q">DE-101</subfield>
   <subfield code="2">22/ger</subfield>
  </datafield>
  <datafield tag="082" ind1="0" ind2="4">
   <subfield code="a">700</subfield>
   <subfield code="q">DE-101</subfield>
  </datafield>
  <datafield tag="084" ind1=" " ind2=" ">
   <subfield code="a">700#DNB</subfield>
   <subfield code="2">sdnb</subfield>
  </datafield>
  <datafield tag="084" ind1=" " ind2=" ">
   <subfield code="a">RQ</subfield>
   <subfield code="2">fivr</subfield>
  </datafield>
  <datafield tag="084" ind1=" " ind2=" ">
   <subfield code="a">RN01</subfield>
   <subfield code="2">fivr</subfield>
  </datafield>
  <datafield tag="084" ind1=" " ind2=" ">
   <subfield code="a">SG08</subfield>
   <subfield code="2">fivs</subfield>
  </datafield>
  <datafield tag="084" ind1=" " ind2=" ">
   <subfield code="a">SK01</subfield>
   <subfield code="2">fivs</subfield>
  </datafield>
  <datafield tag="084" ind1=" " ind2=" ">
   <subfield code="a">KUNST</subfield>
   <subfield code="q">DE-16</subfield>
   <subfield code="2">fid</subfield>
  </datafield>
  <datafield tag="084" ind1=" " ind2=" ">
   <subfield code="a">LH 65000</subfield>
   <subfield code="2">rvk</subfield>
   <subfield code="0">(DE-625)rvk/94517:</subfield>
  </datafield>
  <datafield tag="084" ind1=" " ind2=" ">
   <subfield code="a">LH 61020</subfield>
   <subfield code="q">BVB</subfield>
   <subfield code="2">rvk</subfield>
   <subfield code="0">(DE-625)rvk/94201:</subfield>
  </datafield>
  <datafield tag="084" ind1=" " ind2=" ">
   <subfield code="a">20.01</subfield>
   <subfield code="2">bkl</subfield>
  </datafield>
  <datafield tag="084" ind1=" " ind2=" ">
   <subfield code="a">20.30</subfield>
   <subfield code="2">bkl</subfield>
  </datafield>
  <datafield tag="084" ind1=" " ind2=" ">
   <subfield code="a">20.10</subfield>
   <subfield code="2">bkl</subfield>
  </datafield>
  <datafield tag="245" ind1="1" ind2="0">
   <subfield code="a">&quot;Global art history&quot;</subfield>
   <subfield code="b">transkulturelle Verortungen von Kunst und Kunstwissenschaft</subfield>
   <subfield code="c">Julia Allerstorfer, Monika Leisch-Kiesl (Hg.)</subfield>
  </datafield>
  <datafield tag="264" ind1=" " ind2="1">
   <subfield code="a">Bielefeld</subfield>
   <subfield code="b">transcript</subfield>
   <subfield code="c">[2017]</subfield>
  </datafield>
  <datafield tag="264" ind1=" " ind2="4">
   <subfield code="c">© 2017</subfield>
  </datafield>
  <datafield tag="300" ind1=" " ind2=" ">
   <subfield code="a">301 Seiten</subfield>
   <subfield code="b">Illustrationen</subfield>
   <subfield code="c">23 cm</subfield>
  </datafield>
  <datafield tag="336" ind1=" " ind2=" ">
   <subfield code="a">Text</subfield>
   <subfield code="b">txt</subfield>
   <subfield code="2">rdacontent</subfield>
  </datafield>
  <datafield tag="337" ind1=" " ind2=" ">
   <subfield code="a">ohne Hilfsmittel zu benutzen</subfield>
   <subfield code="b">n</subfield>
   <subfield code="2">rdamedia</subfield>
  </datafield>
  <datafield tag="338" ind1=" " ind2=" ">
   <subfield code="a">Band</subfield>
   <subfield code="b">nc</subfield>
   <subfield code="2">rdacarrier</subfield>
  </datafield>
  <datafield tag="490" ind1="1" ind2=" ">
   <subfield code="a">Linzer Beiträge zur Kunstwissenschaft und Philosophie</subfield>
   <subfield code="v">Band 8</subfield>
  </datafield>
  <datafield tag="546" ind1=" " ind2=" ">
   <subfield code="a">Vorwort deutsch und englisch. - Beiträge teilweise deutsch, teilweise englisch. - Hauptbeiträge mit einem Abstract (deutsch und englisch). - Einführende Beiträge ohne Abstract</subfield>
  </datafield>
  <datafield tag="583" ind1="1" ind2=" ">
   <subfield code="a">Archivierung/Langzeitarchivierung gewährleistet</subfield>
   <subfield code="f">FID</subfield>
   <subfield code="x">XA-DE-BW</subfield>
   <subfield code="2">pdager</subfield>
   <subfield code="5">DE-16</subfield>
  </datafield>
  <datafield tag="650" ind1="0" ind2="7">
   <subfield code="0">(DE-588)4114333-4</subfield>
   <subfield code="0">(DE-627)105822957</subfield>
   <subfield code="0">(DE-576)209483733</subfield>
   <subfield code="a">Kunst</subfield>
   <subfield code="2">gnd</subfield>
  </datafield>
  <datafield tag="650" ind1="0" ind2="7">
   <subfield code="0">(DE-588)4120632-0</subfield>
   <subfield code="0">(DE-627)105775118</subfield>
   <subfield code="0">(DE-576)209536748</subfield>
   <subfield code="a">Kunstwissenschaft</subfield>
   <subfield code="2">gnd</subfield>
  </datafield>
  <datafield tag="650" ind1="0" ind2="7">
   <subfield code="0">(DE-588)4033552-5</subfield>
   <subfield code="0">(DE-627)106256688</subfield>
   <subfield code="0">(DE-576)209002611</subfield>
   <subfield code="a">Kulturbeziehungen</subfield>
   <subfield code="2">gnd</subfield>
  </datafield>
  <datafield tag="650" ind1="0" ind2="7">
   <subfield code="0">(DE-588)4000911-7</subfield>
   <subfield code="0">(DE-627)106399403</subfield>
   <subfield code="0">(DE-576)208840206</subfield>
   <subfield code="a">Akkulturation</subfield>
   <subfield code="2">gnd</subfield>
  </datafield>
  <datafield tag="650" ind1="0" ind2="7">
   <subfield code="0">(DE-588)4211565-6</subfield>
   <subfield code="0">(DE-627)105087521</subfield>
   <subfield code="0">(DE-576)21020446X</subfield>
   <subfield code="a">Kulturübertragung</subfield>
   <subfield code="2">gnd</subfield>
  </datafield>
  <datafield tag="650" ind1="0" ind2="7">
   <subfield code="0">(DE-588)4072905-9</subfield>
   <subfield code="0">(DE-627)10609386X</subfield>
   <subfield code="0">(DE-576)209188618</subfield>
   <subfield code="a">Interpretation</subfield>
   <subfield code="2">gnd</subfield>
  </datafield>
  <datafield tag="650" ind1="0" ind2="7">
   <subfield code="0">(DE-588)4071034-8</subfield>
   <subfield code="0">(DE-627)106098713</subfield>
   <subfield code="0">(DE-576)209182709</subfield>
   <subfield code="a">Evaluation</subfield>
   <subfield code="2">gnd</subfield>
  </datafield>
  <datafield tag="650" ind1="0" ind2="7">
   <subfield code="0">(DE-588)4006340-9</subfield>
   <subfield code="0">(DE-627)104222360</subfield>
   <subfield code="0">(DE-576)208865179</subfield>
   <subfield code="a">Bewertung</subfield>
   <subfield code="2">gnd</subfield>
  </datafield>
  <datafield tag="650" ind1="0" ind2="7">
   <subfield code="0">(DE-588)4175771-3</subfield>
   <subfield code="0">(DE-627)105361577</subfield>
   <subfield code="0">(DE-576)209966009</subfield>
   <subfield code="a">Problem</subfield>
   <subfield code="2">gnd</subfield>
  </datafield>
  <datafield tag="650" ind1="0" ind2="7">
   <subfield code="0">(DE-588)4200132-8</subfield>
   <subfield code="0">(DE-627)10517601X</subfield>
   <subfield code="0">(DE-576)210133325</subfield>
   <subfield code="a">Eurozentrismus</subfield>
   <subfield code="2">gnd</subfield>
  </datafield>
  <datafield tag="650" ind1="0" ind2="7">
   <subfield code="0">(DE-588)4059787-8</subfield>
   <subfield code="0">(DE-627)106142275</subfield>
   <subfield code="0">(DE-576)209132256</subfield>
   <subfield code="a">Theorie</subfield>
   <subfield code="2">gnd</subfield>
  </datafield>
  <datafield tag="650" ind1="0" ind2="7">
   <subfield code="0">(DE-588)4038971-6</subfield>
   <subfield code="0">(DE-627)106230158</subfield>
   <subfield code="0">(DE-576)209032642</subfield>
   <subfield code="a">Methode</subfield>
   <subfield code="2">gnd</subfield>
  </datafield>
  <datafield tag="651" ind1=" " ind2="7">
   <subfield code="0">(DE-588)1135962553</subfield>
   <subfield code="0">(DE-627)890988382</subfield>
   <subfield code="0">(DE-576)490197698</subfield>
   <subfield code="a">Erde</subfield>
   <subfield code="2">gnd</subfield>
  </datafield>
  <datafield tag="651" ind1=" " ind2="7">
   <subfield code="0">(DE-588)4079237-7</subfield>
   <subfield code="0">(DE-627)104197226</subfield>
   <subfield code="0">(DE-576)209211644</subfield>
   <subfield code="a">Westliche Welt</subfield>
   <subfield code="2">gnd</subfield>
  </datafield>
  <datafield tag="655" ind1=" " ind2="7">
   <subfield code="a">Aufsatzsammlung</subfield>
   <subfield code="0">(DE-588)4143413-4</subfield>
   <subfield code="0">(DE-627)105605727</subfield>
   <subfield code="0">(DE-576)209726091</subfield>
   <subfield code="2">gnd-content</subfield>
  </datafield>
  <datafield tag="689" ind1="0" ind2="0">
   <subfield code="d">s</subfield>
   <subfield code="0">(DE-588)4120632-0</subfield>
   <subfield code="0">(DE-627)105775118</subfield>
   <subfield code="0">(DE-576)209536748</subfield>
   <subfield code="a">Kunstwissenschaft</subfield>
   <subfield code="2">gnd</subfield>
  </datafield>
  <datafield tag="689" ind1="0" ind2="1">
   <subfield code="d">s</subfield>
   <subfield code="0">(DE-588)4557997-0</subfield>
   <subfield code="0">(DE-627)302297111</subfield>
   <subfield code="0">(DE-576)213686155</subfield>
   <subfield code="a">Globalisierung</subfield>
   <subfield code="2">gnd</subfield>
  </datafield>
  <datafield tag="689" ind1="0" ind2="2">
   <subfield code="d">s</subfield>
   <subfield code="0">(DE-588)4519498-1</subfield>
   <subfield code="0">(DE-627)25053231X</subfield>
   <subfield code="0">(DE-576)213273756</subfield>
   <subfield code="a">Interkulturalität</subfield>
   <subfield code="2">gnd</subfield>
  </datafield>
  <datafield tag="689" ind1="0" ind2="3">
   <subfield code="d">s</subfield>
   <subfield code="0">(DE-588)4566658-1</subfield>
   <subfield code="0">(DE-627)306090619</subfield>
   <subfield code="0">(DE-576)21377948X</subfield>
   <subfield code="a">Postkolonialismus</subfield>
   <subfield code="2">gnd</subfield>
  </datafield>
  <datafield tag="689" ind1="0" ind2=" ">
   <subfield code="5">DE-101</subfield>
  </datafield>
  <datafield tag="689" ind1="1" ind2="0">
   <subfield code="d">s</subfield>
   <subfield code="0">(DE-588)4114333-4</subfield>
   <subfield code="0">(DE-627)105822957</subfield>
   <subfield code="0">(DE-576)209483733</subfield>
   <subfield code="a">Kunst</subfield>
   <subfield code="2">gnd</subfield>
  </datafield>
  <datafield tag="689" ind1="1" ind2="1">
   <subfield code="d">s</subfield>
   <subfield code="0">(DE-588)4557997-0</subfield>
   <subfield code="0">(DE-627)302297111</subfield>
   <subfield code="0">(DE-576)213686155</subfield>
   <subfield code="a">Globalisierung</subfield>
   <subfield code="2">gnd</subfield>
  </datafield>
  <datafield tag="689" ind1="1" ind2=" ">
   <subfield code="5">(DE-627)</subfield>
  </datafield>
  <datafield tag="689" ind1="2" ind2="0">
   <subfield code="d">s</subfield>
   <subfield code="0">(DE-588)4519498-1</subfield>
   <subfield code="0">(DE-627)25053231X</subfield>
   <subfield code="0">(DE-576)213273756</subfield>
   <subfield code="a">Interkulturalität</subfield>
   <subfield code="2">gnd</subfield>
  </datafield>
  <datafield tag="689" ind1="2" ind2="1">
   <subfield code="d">s</subfield>
   <subfield code="0">(DE-588)4566658-1</subfield>
   <subfield code="0">(DE-627)306090619</subfield>
   <subfield code="0">(DE-576)21377948X</subfield>
   <subfield code="a">Postkolonialismus</subfield>
   <subfield code="2">gnd</subfield>
  </datafield>
  <datafield tag="689" ind1="2" ind2=" ">
   <subfield code="5">(DE-627)</subfield>
  </datafield>
  <datafield tag="689" ind1="3" ind2="0">
   <subfield code="d">s</subfield>
   <subfield code="0">(DE-588)4125698-0</subfield>
   <subfield code="0">(DE-627)104470348</subfield>
   <subfield code="0">(DE-576)209578750</subfield>
   <subfield code="a">Kultur</subfield>
   <subfield code="2">gnd</subfield>
  </datafield>
  <datafield tag="689" ind1="3" ind2="1">
   <subfield code="d">s</subfield>
   <subfield code="0">(DE-588)4114333-4</subfield>
   <subfield code="0">(DE-627)105822957</subfield>
   <subfield code="0">(DE-576)209483733</subfield>
   <subfield code="a">Kunst</subfield>
   <subfield code="2">gnd</subfield>
  </datafield>
  <datafield tag="689" ind1="3" ind2="2">
   <subfield code="d">s</subfield>
   <subfield code="0">(DE-588)4079158-0</subfield>
   <subfield code="0">(DE-627)106075454</subfield>
   <subfield code="0">(DE-576)209211148</subfield>
   <subfield code="a">Weltgeschichte</subfield>
   <subfield code="2">gnd</subfield>
  </datafield>
  <datafield tag="689" ind1="3" ind2=" ">
   <subfield code="5">(DE-627)</subfield>
  </datafield>
  <datafield tag="700" ind1="1" ind2=" ">
   <subfield code="a">Allerstorfer-Hertel, Julia</subfield>
   <subfield code="d">1979-</subfield>
   <subfield code="e">HerausgeberIn</subfield>
   <subfield code="0">(DE-588)134199189</subfield>
   <subfield code="0">(DE-627)562997822</subfield>
   <subfield code="0">(DE-576)300371527</subfield>
   <subfield code="4">edt</subfield>
  </datafield>
  <datafield tag="700" ind1="1" ind2=" ">
   <subfield code="a">Leisch-Kiesl, Monika</subfield>
   <subfield code="d">1960-</subfield>
   <subfield code="e">HerausgeberIn</subfield>
   <subfield code="0">(DE-588)129025747</subfield>
   <subfield code="0">(DE-627)387778276</subfield>
   <subfield code="0">(DE-576)166427799</subfield>
   <subfield code="4">edt</subfield>
  </datafield>
  <datafield tag="776" ind1="1" ind2=" ">
   <subfield code="z">9783839440612</subfield>
   <subfield code="c"> (PDF)</subfield>
  </datafield>
  <datafield tag="776" ind1="0" ind2="8">
   <subfield code="i">Erscheint auch als</subfield>
   <subfield code="n">Online-Ausgabe</subfield>
   <subfield code="t">»Global Art History«</subfield>
   <subfield code="d">Bielefeld : transcript Verlag, 2017</subfield>
   <subfield code="h">1 Online-Ressource (301 Seiten)</subfield>
   <subfield code="w">(DE-627)1655516841</subfield>
   <subfield code="w">(DE-576)504055518</subfield>
   <subfield code="z">9783839440612</subfield>
  </datafield>
  <datafield tag="776" ind1="0" ind2="8">
   <subfield code="i">Erscheint auch als</subfield>
   <subfield code="n">Online-Ausgabe</subfield>
   <subfield code="t">&quot;Global art history&quot;</subfield>
   <subfield code="d">Bielefeld : transcript, 2017</subfield>
   <subfield code="h">1 online resource (305 pages)</subfield>
   <subfield code="w">(DE-627)1011481170</subfield>
   <subfield code="w">(DE-576)511965044</subfield>
   <subfield code="z">9783839440612</subfield>
  </datafield>
  <datafield tag="776" ind1="0" ind2="8">
   <subfield code="i">Erscheint auch als</subfield>
   <subfield code="n">Online-Ausgabe</subfield>
   <subfield code="t">&quot;Global art history&quot;</subfield>
   <subfield code="d">Bielefeld : transcript, 2017</subfield>
   <subfield code="h">1 Online-Ressource (301 Seiten)</subfield>
   <subfield code="w">(DE-627)1015634508</subfield>
   <subfield code="w">(DE-576)497215004</subfield>
   <subfield code="z">9783839440612</subfield>
  </datafield>
  <datafield tag="787" ind1="0" ind2="8">
   <subfield code="i">Rezensiert in</subfield>
   <subfield code="a">Dornhof, Sarah</subfield>
   <subfield code="t">[Rezension von: Julia Allerstorfer / Monika Leisch-Kiesl (Hrsg.), &quot;Global Art History&quot;. Transkulturelle Verortungen von Kunst und Kunstwissenschaft]</subfield>
   <subfield code="d">2019</subfield>
   <subfield code="w">(DE-627)1787040569</subfield>
  </datafield>
  <datafield tag="830" ind1=" " ind2="0">
   <subfield code="a">Linzer Beiträge zur Kunstwissenschaft und Philosophie</subfield>
   <subfield code="v">Band 8</subfield>
   <subfield code="9">8</subfield>
   <subfield code="w">(DE-627)587462175</subfield>
   <subfield code="w">(DE-576)288522486</subfield>
   <subfield code="w">(DE-600)2468390-5</subfield>
   <subfield code="x">2703-0156</subfield>
   <subfield code="7">ns</subfield>
  </datafield>
  <datafield tag="856" ind1="4" ind2="2">
   <subfield code="u">http://www.gbv.de/dms/art-berlin/886508657.pdf</subfield>
   <subfield code="m">V:DE-601</subfield>
   <subfield code="m">B:DE-B11</subfield>
   <subfield code="q">application/pdf</subfield>
   <subfield code="v">2018-09-28</subfield>
   <subfield code="x">Verlag</subfield>
   <subfield code="y">Inhaltsverzeichnis</subfield>
   <subfield code="3">Inhaltsverzeichnis</subfield>
  </datafield>
  <datafield tag="856" ind1="4" ind2="2">
   <subfield code="u">http://www.transcript-verlag.de/978-3-8376-4061-8</subfield>
   <subfield code="m">X: MVB</subfield>
   <subfield code="v">2017-05-10</subfield>
   <subfield code="x">Verlag</subfield>
  </datafield>
  <datafield tag="856" ind1="4" ind2="2">
   <subfield code="u">https://swbplus.bsz-bw.de/bsz886508657rez.htm</subfield>
   <subfield code="m">V:DE-576;B:DE-16</subfield>
   <subfield code="q">application/pdf</subfield>
   <subfield code="v">20190624153029</subfield>
   <subfield code="3">Rezension</subfield>
  </datafield>
  <datafield tag="856" ind1="4" ind2="2">
   <subfield code="u">http://www.sehepunkte.de/2019/06/31475.html</subfield>
   <subfield code="m">B:V:DE-576</subfield>
   <subfield code="m">B:X:Sehepunkte</subfield>
   <subfield code="q">text/html</subfield>
   <subfield code="v">20190906140118</subfield>
   <subfield code="x">Verlag</subfield>
   <subfield code="3">Rezension</subfield>
  </datafield>
  <datafield tag="935" ind1=" " ind2=" ">
   <subfield code="i">Blocktest</subfield>
  </datafield>
  <datafield tag="936" ind1="r" ind2="v">
   <subfield code="a">LH 65000</subfield>
   <subfield code="b">Kunstgeschichte der Welt oder Europas</subfield>
   <subfield code="k">Kunstgeschichte</subfield>
   <subfield code="k">Allgemeines. Allgemeine Kunstgeschichte</subfield>
   <subfield code="k">Allgemeine Kunstgeschichte: Darstellungen</subfield>
   <subfield code="k">Gesamtdarstellungen</subfield>
   <subfield code="k">Kunstgeschichte der Welt oder Europas</subfield>
   <subfield code="0">(DE-627)127065232X</subfield>
   <subfield code="0">(DE-625)rvk/94517:</subfield>
   <subfield code="0">(DE-576)20065232X</subfield>
  </datafield>
  <datafield tag="936" ind1="r" ind2="v">
   <subfield code="a">LH 61020</subfield>
   <subfield code="b">Kunsttheorie und Geschichte der Kunsttheorie</subfield>
   <subfield code="k">Kunstgeschichte</subfield>
   <subfield code="k">Allgemeines. Allgemeine Kunstgeschichte</subfield>
   <subfield code="k">Theorie und Praxis der Bildenden Kunst</subfield>
   <subfield code="k">Theorie der Bildenden Kunst</subfield>
   <subfield code="k">Kunsttheorie und Geschichte der Kunsttheorie</subfield>
   <subfield code="0">(DE-627)1270641891</subfield>
   <subfield code="0">(DE-625)rvk/94201:</subfield>
   <subfield code="0">(DE-576)200641891</subfield>
  </datafield>
  <datafield tag="936" ind1="b" ind2="k">
   <subfield code="a">20.01</subfield>
   <subfield code="j">Geschichte der Kunstwissenschaften</subfield>
   <subfield code="0">(DE-627)106406485</subfield>
  </datafield>
  <datafield tag="936" ind1="b" ind2="k">
   <subfield code="a">20.30</subfield>
   <subfield code="j">Kunstgeschichte: Allgemeines</subfield>
   <subfield code="0">(DE-627)106410326</subfield>
  </datafield>
  <datafield tag="936" ind1="b" ind2="k">
   <subfield code="a">20.10</subfield>
   <subfield code="j">Kunst und Gesellschaft</subfield>
   <subfield code="0">(DE-627)106406256</subfield>
  </datafield>
  <datafield tag="936" ind1="f" ind2="i">
   <subfield code="0">(DE-627)1756134707</subfield>
   <subfield code="a">RQ</subfield>
   <subfield code="b">Weltweit</subfield>
   <subfield code="k">Weltweit</subfield>
   <subfield code="2">fivr</subfield>
  </datafield>
  <datafield tag="936" ind1="f" ind2="i">
   <subfield code="0">(DE-627)1756134596</subfield>
   <subfield code="a">RN01</subfield>
   <subfield code="b">Westliche Länder</subfield>
   <subfield code="k">Entwickelte Länder</subfield>
   <subfield code="k">Westliche Länder</subfield>
   <subfield code="2">fivr</subfield>
  </datafield>
  <datafield tag="936" ind1="f" ind2="i">
   <subfield code="0">(DE-627)1756136084</subfield>
   <subfield code="a">SG08</subfield>
   <subfield code="b">Kultur/Sprache/Kunst</subfield>
   <subfield code="k">Gesellschaft</subfield>
   <subfield code="k">Kultur/Sprache/Kunst</subfield>
   <subfield code="2">fivs</subfield>
  </datafield>
  <datafield tag="936" ind1="f" ind2="i">
   <subfield code="0">(DE-627)1756136475</subfield>
   <subfield code="a">SK01</subfield>
   <subfield code="b">Wissenschaftsgebiete</subfield>
   <subfield code="k">Wissenschaft/Forschung</subfield>
   <subfield code="k">Wissenschaftsgebiete</subfield>
   <subfield code="2">fivs</subfield>
  </datafield>
  <datafield tag="936" ind1="f" ind2="i">
   <subfield code="a">Weltgeschichte</subfield>
   <subfield code="q">DE-Lg3</subfield>
   <subfield code="2">fivw</subfield>
  </datafield>
  <datafield tag="936" ind1="f" ind2="i">
   <subfield code="a">ZHA111</subfield>
   <subfield code="b">Kunst und Musik</subfield>
   <subfield code="k">Kunst und Musik</subfield>
   <subfield code="q">DE-212</subfield>
   <subfield code="2">fivw</subfield>
  </datafield>
  <datafield tag="938" ind1="1" ind2="0">
   <subfield code="0">(DE-627)1756180598</subfield>
   <subfield code="0">(DE-615)6608724</subfield>
   <subfield code="a">Global</subfield>
   <subfield code="2">fivt</subfield>
  </datafield>
  <datafield tag="938" ind1="1" ind2="0">
   <subfield code="0">(DE-627)1756210861</subfield>
   <subfield code="0">(DE-615)6605413</subfield>
   <subfield code="a">Kunst</subfield>
   <subfield code="2">fivt</subfield>
  </datafield>
  <datafield tag="938" ind1="1" ind2="0">
   <subfield code="0">(DE-627)1756207666</subfield>
   <subfield code="0">(DE-615)6606922</subfield>
   <subfield code="a">Bildende Kunst</subfield>
   <subfield code="2">fivt</subfield>
  </datafield>
  <datafield tag="938" ind1="1" ind2="0">
   <subfield code="0">(DE-627)1756170762</subfield>
   <subfield code="0">(DE-615)6606699</subfield>
   <subfield code="a">Kunstgeschichte</subfield>
   <subfield code="2">fivt</subfield>
  </datafield>
  <datafield tag="938" ind1="1" ind2="0">
   <subfield code="0">(DE-627)1756177805</subfield>
   <subfield code="0">(DE-615)6608786</subfield>
   <subfield code="a">Kunstwissenschaften</subfield>
   <subfield code="2">fivt</subfield>
  </datafield>
  <datafield tag="938" ind1="1" ind2="0">
   <subfield code="0">(DE-627)1756174628</subfield>
   <subfield code="0">(DE-615)6609262</subfield>
   <subfield code="a">Internationale Kulturbeziehungen</subfield>
   <subfield code="2">fivt</subfield>
  </datafield>
  <datafield tag="938" ind1="1" ind2="0">
   <subfield code="0">(DE-627)1756184739</subfield>
   <subfield code="0">(DE-615)6609627</subfield>
   <subfield code="a">Kultureinfluss</subfield>
   <subfield code="2">fivt</subfield>
  </datafield>
  <datafield tag="938" ind1="1" ind2="0">
   <subfield code="0">(DE-627)1756214565</subfield>
   <subfield code="0">(DE-615)6600656</subfield>
   <subfield code="a">Westliche Welt</subfield>
   <subfield code="2">fivt</subfield>
  </datafield>
  <datafield tag="938" ind1="1" ind2="0">
   <subfield code="0">(DE-627)1756165971</subfield>
   <subfield code="0">(DE-615)6602019</subfield>
   <subfield code="a">Rezeption</subfield>
   <subfield code="2">fivt</subfield>
  </datafield>
  <datafield tag="938" ind1="1" ind2="0">
   <subfield code="0">(DE-627)1756181713</subfield>
   <subfield code="0">(DE-615)6605499</subfield>
   <subfield code="a">Interpretation</subfield>
   <subfield code="2">fivt</subfield>
  </datafield>
  <datafield tag="938" ind1="1" ind2="0">
   <subfield code="0">(DE-627)1756181535</subfield>
   <subfield code="0">(DE-615)6605496</subfield>
   <subfield code="a">Evaluation</subfield>
   <subfield code="2">fivt</subfield>
  </datafield>
  <datafield tag="938" ind1="1" ind2="0">
   <subfield code="0">(DE-627)1756189625</subfield>
   <subfield code="0">(DE-615)6607399</subfield>
   <subfield code="a">Bewertungsprobleme</subfield>
   <subfield code="2">fivt</subfield>
  </datafield>
  <datafield tag="938" ind1="1" ind2="0">
   <subfield code="0">(DE-627)1756232903</subfield>
   <subfield code="0">(DE-615)6601184</subfield>
   <subfield code="a">Eurozentrismus</subfield>
   <subfield code="2">fivt</subfield>
  </datafield>
  <datafield tag="938" ind1="1" ind2="0">
   <subfield code="0">(DE-627)1756144850</subfield>
   <subfield code="0">(DE-615)6603387</subfield>
   <subfield code="a">Theorie</subfield>
   <subfield code="2">fivt</subfield>
  </datafield>
  <datafield tag="938" ind1="1" ind2="0">
   <subfield code="0">(DE-627)1756180792</subfield>
   <subfield code="0">(DE-615)6604450</subfield>
   <subfield code="a">Methodenansätze</subfield>
   <subfield code="2">fivt</subfield>
  </datafield>
  <datafield tag="938" ind1="1" ind2="0">
   <subfield code="0">(DE-627)1756179751</subfield>
   <subfield code="0">(DE-615)6604534</subfield>
   <subfield code="a">Länderbezogene Beiträge</subfield>
   <subfield code="2">fivt</subfield>
  </datafield>
  <datafield tag="938" ind1="1" ind2="1">
   <subfield code="0">(DE-627)1756208883</subfield>
   <subfield code="0">(DE-615)6609123</subfield>
   <subfield code="a">Kulturimperialismus</subfield>
   <subfield code="2">fiva</subfield>
  </datafield>
  <datafield tag="938" ind1="1" ind2="1">
   <subfield code="0">(DE-627)1756174725</subfield>
   <subfield code="0">(DE-615)6610358</subfield>
   <subfield code="a">Kolonialismus</subfield>
   <subfield code="2">fiva</subfield>
  </datafield>
  <datafield tag="938" ind1="1" ind2="1">
   <subfield code="0">(DE-627)1756176485</subfield>
   <subfield code="0">(DE-615)6609004</subfield>
   <subfield code="a">Entkolonialisierung</subfield>
   <subfield code="2">fiva</subfield>
  </datafield>
  <datafield tag="938" ind1="1" ind2="1">
   <subfield code="0">(DE-627)1756162883</subfield>
   <subfield code="0">(DE-615)6602069</subfield>
   <subfield code="a">Postkolonialismus</subfield>
   <subfield code="2">fiva</subfield>
  </datafield>
  <datafield tag="938" ind1="1" ind2="1">
   <subfield code="0">(DE-627)1756195293</subfield>
   <subfield code="0">(DE-615)6603203</subfield>
   <subfield code="a">Verhältnis Ideologie - Kultur</subfield>
   <subfield code="2">fiva</subfield>
  </datafield>
  <datafield tag="938" ind1="1" ind2="1">
   <subfield code="0">(DE-627)1756161054</subfield>
   <subfield code="0">(DE-615)6602373</subfield>
   <subfield code="a">Verhältnis Kunst/Kultur - Politik/Gesellschaft</subfield>
   <subfield code="2">fiva</subfield>
  </datafield>
  <datafield tag="938" ind1="1" ind2="1">
   <subfield code="0">(DE-627)1756206589</subfield>
   <subfield code="0">(DE-615)6610187</subfield>
   <subfield code="a">Arabische Länder</subfield>
   <subfield code="2">fiva</subfield>
  </datafield>
  <datafield tag="938" ind1="1" ind2="1">
   <subfield code="0">(DE-627)1756243255</subfield>
   <subfield code="0">(DE-615)6610292</subfield>
   <subfield code="a">Lateinamerika</subfield>
   <subfield code="2">fiva</subfield>
  </datafield>
  <datafield tag="938" ind1="1" ind2="1">
   <subfield code="0">(DE-627)1756194904</subfield>
   <subfield code="0">(DE-615)6602728</subfield>
   <subfield code="a">Naher und Mittlerer Osten und Nordafrika</subfield>
   <subfield code="2">fiva</subfield>
  </datafield>
  <datafield tag="938" ind1="1" ind2="1">
   <subfield code="0">(DE-627)175616259X</subfield>
   <subfield code="0">(DE-615)6601749</subfield>
   <subfield code="a">Iran</subfield>
   <subfield code="2">fiva</subfield>
  </datafield>
  <datafield tag="938" ind1="1" ind2="1">
   <subfield code="0">(DE-627)1756162107</subfield>
   <subfield code="0">(DE-615)6602201</subfield>
   <subfield code="a">Volksrepublik China</subfield>
   <subfield code="2">fiva</subfield>
  </datafield>
  <datafield tag="938" ind1="1" ind2="1">
   <subfield code="a">Ai, Weiwei</subfield>
   <subfield code="2">fiva</subfield>
  </datafield>
  <datafield tag="938" ind1="1" ind2="1">
   <subfield code="0">(DE-627)1756204535</subfield>
   <subfield code="0">(DE-615)6609557</subfield>
   <subfield code="a">Afrika</subfield>
   <subfield code="2">fiva</subfield>
  </datafield>
  <datafield tag="938" ind1="1" ind2="1">
   <subfield code="0">(DE-627)1756201587</subfield>
   <subfield code="0">(DE-615)6601666</subfield>
   <subfield code="a">Benin</subfield>
   <subfield code="2">fiva</subfield>
  </datafield>
  <datafield tag="938" ind1="1" ind2="1">
   <subfield code="0">(DE-627)1756244421</subfield>
   <subfield code="0">(DE-615)6610475</subfield>
   <subfield code="a">Osteuropa</subfield>
   <subfield code="2">fiva</subfield>
  </datafield>
  <datafield tag="938" ind1="1" ind2="1">
   <subfield code="0">(DE-627)175614415X</subfield>
   <subfield code="0">(DE-615)6602962</subfield>
   <subfield code="a">Balkan</subfield>
   <subfield code="2">fiva</subfield>
  </datafield>
  <datafield tag="938" ind1="1" ind2="1">
   <subfield code="0">(DE-627)1756220948</subfield>
   <subfield code="0">(DE-615)6601590</subfield>
   <subfield code="a">Indien</subfield>
   <subfield code="2">fiva</subfield>
  </datafield>
  <datafield tag="938" ind1="1" ind2="1">
   <subfield code="0">(DE-627)1756241724</subfield>
   <subfield code="0">(DE-615)6600257</subfield>
   <subfield code="a">Vereinigte Staaten</subfield>
   <subfield code="2">fiva</subfield>
  </datafield>
  <datafield tag="938" ind1="1" ind2="1">
   <subfield code="0">(DE-627)1756202222</subfield>
   <subfield code="0">(DE-615)6601616</subfield>
   <subfield code="a">Schwarze</subfield>
   <subfield code="2">fiva</subfield>
  </datafield>
  <datafield tag="951" ind1=" " ind2=" ">
   <subfield code="a">BO</subfield>
  </datafield>
  <datafield tag="990" ind1=" " ind2=" ">
   <subfield code="a">Kunstwissenschaft</subfield>
  </datafield>
  <datafield tag="990" ind1=" " ind2=" ">
   <subfield code="a">Globalisierung</subfield>
  </datafield>
  <datafield tag="990" ind1=" " ind2=" ">
   <subfield code="a">Interkulturalität</subfield>
  </datafield>
  <datafield tag="990" ind1=" " ind2=" ">
   <subfield code="a">Postkolonialismus</subfield>
  </datafield>
  <datafield tag="990" ind1=" " ind2=" ">
   <subfield code="a">Kunst</subfield>
  </datafield>
  <datafield tag="990" ind1=" " ind2=" ">
   <subfield code="a">Globalisierung</subfield>
  </datafield>
  <datafield tag="990" ind1=" " ind2=" ">
   <subfield code="a">Interkulturalität</subfield>
  </datafield>
  <datafield tag="990" ind1=" " ind2=" ">
   <subfield code="a">Postkolonialismus</subfield>
  </datafield>
  <datafield tag="990" ind1=" " ind2=" ">
   <subfield code="a">Kultur</subfield>
  </datafield>
  <datafield tag="990" ind1=" " ind2=" ">
   <subfield code="a">Kunst</subfield>
  </datafield>
  <datafield tag="990" ind1=" " ind2=" ">
   <subfield code="a">Weltgeschichte</subfield>
  </datafield>
  <datafield tag="991" ind1=" " ind2=" ">
   <subfield code="a">Rezensiertes Werk</subfield>
  </datafield>
  <datafield tag="999" ind1=" " ind2=" ">
   <subfield code="a">KXP-PPN886508657</subfield>
   <subfield code="e">4048553747</subfield>
  </datafield>
 </record>
</collection>
